| 000 | 00782nam a22001937a 4500 | ||
|---|---|---|---|
| 008 | 100329s2008 ii|||||r|||| 000 0 eng d | ||
| 020 | _a9788184312065 | ||
| 082 |
_222 _a621.37 _bBAL |
||
| 100 |
_912771 _aBakshi, Uday A. |
||
| 245 |
_aElectronic Measurement Systems/ _cU. A. Bakshi, A. V. Bakshi and K. A. Bakshi |
||
| 260 |
_aPune: _bTechnical Pub., 2008 _c2008 |
||
| 300 |
_a1v.: _bill.; _c24 cm. |
||
| 650 |
_912774 _aElectronic measurements |
||
| 650 |
_912773 _aElectronic instruments |
||
| 700 |
_912772 _aBakshi, Ajay V. |
||
| 700 |
_913270 _aBakshi, K. A. |
||
| 942 |
_2ddc _cBB |
||
| 999 |
_c13818 _d13818 |
||